00348 a2200109 4500001001000000005001700010008004100027245006700068100002100135773006500156999001700221ART_1290820260410161909.0260409a 10aLa teoria general de los costos y la contabilidad de gestión1 aOsorio, Oscar M.0 tCostos y gestióng- Año 13, Nº 53 (sep. 2004)wREV12786 c26669d26669